[Event "Berlin-ch QT"]
[Site "Berlin"]
[Date "2017.04.17"]
[Round "9"]
[White "Bonke, Hans Juergen"]
[Black "Shapiro, Yosip"]
[Result "0-1"]
[WhiteElo "1856"]
[BlackElo "2102"]
[PlyCount "64"]
[EventDate "2017.04.09"]
[EventType "swiss"]
[EventRounds "9"]
[EventCountry "GER"]
[SourceTitle "CBM 189 Extra"]
[Source "ChessBase"]
[SourceDate "2019.06.03"]
[SourceVersion "1"]
[SourceVersionDate "2019.06.03"]
[SourceQuality "1"]

1. d4 Nf6 2. Bf4 c5 3. c3 e6 4. e3 d5 5. Nd2 Nc6 6. Bd3 Be7 7. Bg3 0-0 8. f4 Qb6 9. Qb1 cxd4 10. exd4 g6 11. h3 Nh5 12. Bh2 Bh4+ 13. Kf1 Nxd4 14. g3 Bxg3 15. Bxg3 Nxg3+ 16. Kg2 Ndf5 17. Rh2 Qe3 18. Ngf3 Qxf4 19. Qe1 Bd7 20. h4 Bc6 21. Rh3 Nh5 22. Bxf5 Qxf5 23. Rh1 Nf4+ 24. Kg3 h5 25. Rg1 Qg4+ 26. Kf2 Nh3+ 27. Ke3 Qf4+ 28. Kd3 Qf5+ 29. Ke3 e5 30. Qg3 d4+ 31. cxd4 exd4+ 32. Kxd4 Rfd8+ 0-1

[Event "Berlin-ch QT"]
[Site "Berlin"]
[Date "2017.04.10"]
[Round "2"]
[White "Sulayev, Daniel"]
[Black "Bonke, Hans Juergen"]
[Result "1-0"]
[WhiteElo "1905"]
[BlackElo "1856"]
[PlyCount "161"]
[EventDate "2017.04.09"]
[EventType "swiss"]
[EventRounds "9"]
[EventCountry "GER"]
[SourceTitle "CBM 189 Extra"]
[Source "ChessBase"]
[SourceDate "2019.06.03"]
[SourceVersion "1"]
[SourceVersionDate "2019.06.03"]
[SourceQuality "1"]

1. c4 g6 2. Nc3 Bg7 3. g3 d6 4. Bg2 Nd7 5. e4 c5 6. Nge2 Ngf6 7. 0-0 0-0 8. d3 h6 9. h3 a6 10. Be3 e5 11. f4 Rb8 12. a4 b6 13. Qd2 Kh7 14. Kh2 Bb7 15. Ng1 Nh5 16. f5 g5 17. Bf3 Nhf6 18. g4 Ne8 19. h4 f6 20. Nh3 Rh8 21. Kg2 Kg8 22. Rfb1 Nc7 23. b4 cxb4 24. Rxb4 a5 25. Rb2 Na6 26. Rab1 Nb4 27. Na2 Nxa2 28. Rxa2 Bc6 29. Nf2 Rh7 30. Nd1 Bf8 31. Nc3 Nc5 32. Bd1 gxh4 33. Bxc5 bxc5 34. Rxb8 Qxb8 35. Nd5 Bxd5 36. cxd5 Qb4 37. Qxb4 cxb4 38. Kh3 Rc7 39. Rc2 Rxc2 40. Bxc2 Be7 41. Kxh4 Bd8 42. d4 exd4 43. Kg3 Bb6 44. Kf3 Kg7 45. Bd1 d3 46. Bb3 Bd4 47. Bc4 d2 48. Bb3 Kf7 49. Ke2 Bc3 50. Kd3 Ke7 51. Kc4 Kd7 52. Kb5 Kc7 53. Ka6 Kb8 54. Kxa5 Ka7 55. Kb5 Kb7 56. a5 Ka7 57. e5 Bxe5 58. Kxb4 Kb7 59. Kb5 Ba1 60. Bd1 Ka7 61. a6 Be5 62. Be2 Bf4 63. Kc6 d1Q 64. Bxd1 Kxa6 65. Kd7 Kb5 66. Ke6 Be5 67. Kf7 Kc5 68. Bf3 Kd4 69. Kg6 Ke3 70. Bd1 Ke4 71. Bb3 Kf4 72. Kh5 Kg3 73. Bd1 Bf4 74. Kg6 Bg5 75. Kf7 Kf4 76. Ke6 Ke4 77. Kxd6 Be3 78. Ke6 Bb6 79. d6 Kf4 80. Kxf6 Ke4 81. Ke6 1-0

[Event "Berlin Lichtenberger op 15th"]
[Site "Berlin"]
[Date "2016.08.18"]
[Round "6"]
[White "Kapr, Klaus"]
[Black "Bonke, Hans Juergen"]
[Result "1-0"]
[WhiteElo "1990"]
[BlackElo "1893"]
[PlyCount "75"]
[EventDate "2016.08.13"]
[EventType "swiss"]
[EventRounds "9"]
[EventCountry "GER"]
[SourceTitle "CBM 173 Extra"]
[Source "ChessBase"]
[SourceDate "2016.08.29"]
[SourceVersion "1"]
[SourceVersionDate "2016.08.29"]
[SourceQuality "1"]

1. e4 g6 2. d4 Bg7 3. Nc3 d6 4. f4 e6 5. Nf3 a6 6. a4 b6 7. Be2 Ne7 8. 0-0 h6 9. Be3 0-0 10. Qd2 Kh7 11. Rad1 Nd7 12. g4 f5 13. h3 Bb7 14. exf5 exf5 15. g5 h5 16. b4 c6 17. Nb1 Nd5 18. Bf2 a5 19. b5 c5 20. c4 Nb4 21. dxc5 Nxc5 22. Qxd6 Nxa4 23. Nh4 Qe8 24. Bxb6 Nxb6 25. Qxb6 Rb8 26. Rfe1 Ba8 27. Qf2 Nc2 28. Bxh5 Qxe1+ 29. Rxe1 Bd4 30. Re7+ Kg8 31. Bxg6 Bxf2+ 32. Kxf2 Rb6 33. Bh7+ Kh8 34. c5 Re6 35. Rxe6 Kxh7 36. c6 Nd4 37. Re7+ Kg8 38. Nc3 1-0

[Event "Berlin Lichtenberger op 15th"]
[Site "Berlin"]
[Date "2016.08.17"]
[Round "5"]
[White "Pocheim, Stephan"]
[Black "Bonke, Hans Juergen"]
[Result "0-1"]
[WhiteElo "1716"]
[BlackElo "1893"]
[PlyCount "80"]
[EventDate "2016.08.13"]
[EventType "swiss"]
[EventRounds "9"]
[EventCountry "GER"]
[SourceTitle "CBM 173 Extra"]
[Source "ChessBase"]
[SourceDate "2016.08.29"]
[SourceVersion "1"]
[SourceVersionDate "2016.08.29"]
[SourceQuality "1"]

1. d4 g6 2. c4 d6 3. Nc3 Bg7 4. e4 e6 5. f4 Ne7 6. Nf3 Nd7 7. Bd3 0-0 8. 0-0 c5 9. Be3 Nc6 10. Nb5 Qe7 11. e5 dxe5 12. dxe5 Rd8 13. Nd6 f6 14. Qd2 fxe5 15. Ne4 Nd4 16. fxe5 Nxf3+ 17. Rxf3 Nxe5 18. Bg5 Nxf3+ 19. gxf3 Bd4+ 20. Kh1 Qd7 21. Bxd8 Qxd8 22. Rd1 Bd7 23. Qf4 Qf8 24. Qg3 Bc6 25. Qh3 Qf5 26. Qg2 Rf8 27. Rf1 Qf4 28. b3 Qe3 29. Bb1 Kg7 30. Ng5 Rf6 31. Ne4 Rf5 32. h3 Bxe4 33. Bxe4 Rg5 34. Qh2 Be5 35. Qf2 Qf4 36. Bxb7 Rg3 37. Qh2 Qh4 38. f4 Rxh3 39. Qxh3 Qxh3+ 40. Kg1 Bd4+ 0-1

[Event "Berlin Lichtenberger op 14th"]
[Site "Berlin"]
[Date "2015.08.21"]
[Round "7"]
[White "Richter, Goetz"]
[Black "Bonke, Hans Juergen"]
[Result "1-0"]
[WhiteElo "2088"]
[BlackElo "1962"]
[PlyCount "53"]
[EventDate "2015.08.15"]
[EventType "swiss"]
[EventRounds "9"]
[EventCountry "GER"]
[SourceTitle "EXT 2016"]
[Source "ChessBase"]
[SourceDate "2015.10.08"]
[SourceVersion "1"]
[SourceVersionDate "2015.10.08"]
[SourceQuality "1"]

1. e4 g6 2. d4 Bg7 3. Nc3 d6 4. Be3 Nd7 5. f4 e6 6. Bd3 Ne7 7. Nge2 a6 8. a4 h6 9. 0-0 Nf6 10. Qe1 Ng4 11. Bd2 f5 12. h3 Nf6 13. e5 Nfd5 14. Nxd5 Nxd5 15. c4 Ne7 16. Rd1 d5 17. c5 Bd7 18. b3 b5 19. Ba5 Nc6 20. Ra1 Nxa5 21. Qxa5 c6 22. axb5 Qxa5 23. Rxa5 cxb5 24. Rfa1 Ke7 25. Rxa6 Rxa6 26. Rxa6 Rb8 27. Ra7 1-0

[Event "Berlin Lichtenberger op 14th"]
[Site "Berlin"]
[Date "2015.08.20"]
[Round "6"]
[White "Bonke, Hans Juergen"]
[Black "McGowan, Daniel"]
[Result "0-1"]
[WhiteElo "1962"]
[BlackElo "2120"]
[PlyCount "50"]
[EventDate "2015.08.15"]
[EventType "swiss"]
[EventRounds "9"]
[EventCountry "GER"]
[SourceTitle "EXT 2016"]
[Source "ChessBase"]
[SourceDate "2015.10.08"]
[SourceVersion "1"]
[SourceVersionDate "2015.10.08"]
[SourceQuality "1"]

1. d4 Nf6 2. Bf4 e6 3. e3 c5 4. c3 b6 5. Nf3 Bb7 6. Be2 Be7 7. h3 0-0 8. 0-0 d6 9. Nbd2 Nbd7 10. Nc4 Ne8 11. dxc5 Nxc5 12. b4 Ne4 13. Qd3 Rc8 14. Nfd2 N4f6 15. Nb2 Nd5 16. Rac1 Bf6 17. Ne4 Nxf4 18. exf4 Bxe4 19. Qxe4 Rxc3 20. Rxc3 Bxc3 21. Nd3 d5 22. Qf3 Qf6 23. Rc1 Nd6 24. Nc5 bxc5 25. Rxc3 c4 0-1

[Event "Berlin Lichtenberger op 14th"]
[Site "Berlin"]
[Date "2015.08.17"]
[Round "3"]
[White "Bullig, Reinhard"]
[Black "Bonke, Hans Juergen"]
[Result "1/2-1/2"]
[WhiteElo "1772"]
[BlackElo "1962"]
[PlyCount "89"]
[EventDate "2015.08.15"]
[EventType "swiss"]
[EventRounds "9"]
[EventCountry "GER"]
[SourceTitle "EXT 2016"]
[Source "ChessBase"]
[SourceDate "2015.10.08"]
[SourceVersion "1"]
[SourceVersionDate "2015.10.08"]
[SourceQuality "1"]

1. c4 g6 2. g3 Bg7 3. Bg2 d6 4. Nc3 c6 5. e4 Nd7 6. d3 Ngf6 7. Be3 h6 8. f3 0-0 9. Nge2 Kh7 10. 0-0 e6 11. Rb1 d5 12. cxd5 cxd5 13. Bf2 Nb6 14. Qb3 e5 15. d4 exd4 16. Bxd4 Nc4 17. Rfd1 Na5 18. Qc2 dxe4 19. Bc5 Qc7 20. Bxf8 Bxf8 21. b4 exf3 22. Nd4 fxg2 23. bxa5 Bh3 24. Rb5 Rc8 25. Rc1 Qc4 26. Nce2 Qxc2 27. Rxc2 Rxc2 28. Nxc2 b6 29. axb6 axb6 30. Nf4 Bd7 31. Rb2 g5 32. Nxg2 Bc5+ 33. Kf1 Ng4 34. Ke2 Nxh2 35. Nce3 Bc6 36. Kd3 Nf3 37. Ke2 Nd4+ 38. Kf2 Nf5 39. g4 Nd6 40. Kg3 Ne4+ 41. Kh3 Kg6 42. Nc4 Bd4 43. Rb4 Nf2+ 44. Kg3 Ne4+ 45. Kh2 1/2-1/2

[Event "Berlin Lichtenberger op 14th"]
[Site "Berlin"]
[Date "2015.08.16"]
[Round "2"]
[White "Bonke, Hans Juergen"]
[Black "Stark, Ingo"]
[Result "0-1"]
[WhiteElo "1962"]
[BlackElo "2121"]
[PlyCount "80"]
[EventDate "2015.08.15"]
[EventType "swiss"]
[EventRounds "9"]
[EventCountry "GER"]
[SourceTitle "EXT 2016"]
[Source "ChessBase"]
[SourceDate "2015.10.08"]
[SourceVersion "1"]
[SourceVersionDate "2015.10.08"]
[SourceQuality "1"]

1. d4 b5 2. Bf4 Bb7 3. e3 e6 4. Nf3 a6 5. Be2 Nf6 6. Nbd2 Be7 7. h3 d6 8. 0-0 c5 9. c3 Nbd7 10. Re1 Qc7 11. Rc1 0-0 12. Bh2 Rfe8 13. Bd3 e5 14. e4 Bf8 15. d5 c4 16. Bf1 Rac8 17. b3 cxb3 18. axb3 g6 19. c4 b4 20. g4 Nc5 21. Qc2 Ra8 22. Ra1 Bc8 23. Bg3 Bd7 24. Kh2 a5 25. Bh4 Bg7 26. Re3 Reb8 27. Bxf6 Bxf6 28. g5 Bg7 29. Bg2 Rf8 30. Ne1 f6 31. gxf6 Rxf6 32. f3 Bh6 33. Re2 Qc8 34. Nd3 Nxd3 35. Qxd3 Bf4+ 36. Kg1 Bxh3 37. Nf1 Qc5+ 38. Kh1 Bd7 39. Rea2 g5 40. Qe2 Rh6+ 0-1

[Event "Berlin Kreuzberg op"]
[Site "Berlin"]
[Date "2015.07.17"]
[Round "7"]
[White "Federau, Juergen"]
[Black "Bonke, Hans Juergen"]
[Result "1-0"]
[WhiteElo "2147"]
[BlackElo "1978"]
[PlyCount "99"]
[EventDate "2015.07.11"]
[EventType "swiss"]
[EventRounds "9"]
[EventCountry "GER"]
[SourceTitle "CBM 167 Extra"]
[Source "ChessBase"]
[SourceDate "2015.09.14"]
[SourceVersion "1"]
[SourceVersionDate "2015.09.14"]
[SourceQuality "1"]

1. b3 g6 2. Bb2 Nf6 3. g3 Bg7 4. Bg2 d6 5. d4 e6 6. Nf3 Nc6 7. 0-0 h6 8. c4 0-0 9. Nbd2 Ne7 10. e4 Nd7 11. e5 d5 12. Rc1 b6 13. Ne1 Bb7 14. Nd3 c6 15. Re1 Rc8 16. b4 a6 17. a4 b5 18. cxb5 cxb5 19. Nc5 Nxc5 20. bxc5 Bc6 21. axb5 axb5 22. Qb3 Ra8 23. Bf1 Qb8 24. Bc3 Qb7 25. Ra1 Rfb8 26. Rxa8 Rxa8 27. Rb1 Rb8 28. Qb2 f6 29. f4 fxe5 30. fxe5 Nf5 31. Bd3 Kh7 32. Nf1 Qe7 33. Qe2 Qd7 34. g4 Ne7 35. h4 Kg8 36. Ng3 Qe8 37. h5 Rb7 38. Bc2 Qb8 39. Bb4 Ra7 40. hxg6 Qa8 41. Nh5 Ra1 42. Qf1 Rxb1 43. Bxb1 Qf8 44. Nf6+ Kh8 45. g5 Ng8 46. Bd2 Qe7 47. Qh3 Bd7 48. gxh6 Bxf6 49. exf6 Nxf6 50. g7+ 1-0

[Event "Berlin Kreuzberg op"]
[Site "Berlin"]
[Date "2015.07.15"]
[Round "5"]
[White "Krefenstein, Sergej"]
[Black "Bonke, Hans Juergen"]
[Result "1-0"]
[WhiteElo "2182"]
[BlackElo "1978"]
[PlyCount "45"]
[EventDate "2015.07.11"]
[EventType "swiss"]
[EventRounds "9"]
[EventCountry "GER"]
[SourceTitle "CBM 167 Extra"]
[Source "ChessBase"]
[SourceDate "2015.09.14"]
[SourceVersion "1"]
[SourceVersionDate "2015.09.14"]
[SourceQuality "1"]

1. e4 g6 2. d4 Bg7 3. Nc3 d6 4. f4 e6 5. Nf3 Ne7 6. Be3 Nd7 7. Qd2 a6 8. Bd3 c6 9. 0-0 Nf6 10. Bf2 0-0 11. Bh4 Qc7 12. a4 b6 13. e5 Nfd5 14. Ne4 dxe5 15. dxe5 f5 16. Nd6 a5 17. Nd4 Ra7 18. Bc4 b5 19. axb5 c5 20. Bxe7 cxd4 21. Bxf8 Bxf8 22. Qxd4 Bxd6 23. exd6 1-0

[Event "Berlin-ch QT"]
[Site "Berlin"]
[Date "2015.04.11"]
[Round "9"]
[White "Steiner, Wolfram"]
[Black "Bonke, Hans Juergen"]
[Result "1/2-1/2"]
[WhiteElo "1957"]
[BlackElo "1968"]
[PlyCount "81"]
[EventDate "2015.04.03"]
[EventType "swiss"]
[EventRounds "9"]
[EventCountry "GER"]
[SourceTitle "EXT 2022"]
[Source "ChessBase"]
[SourceDate "2021.10.06"]
[SourceVersion "1"]
[SourceVersionDate "2021.10.06"]
[SourceQuality "1"]

1. e4 g6 2. d4 Bg7 3. Nf3 d6 4. Bd3 Nd7 5. 0-0 h6 6. c3 e6 7. Re1 Ne7 8. Nbd2 0-0 9. Nf1 b6 10. Bf4 e5 11. dxe5 dxe5 12. Bg3 Nc5 13. Bc2 f6 14. b4 Ne6 15. Bb3 Kh7 16. Ne3 Nf4 17. Bxf4 exf4 18. Nd5 Nxd5 19. Bxd5 Rb8 20. Nd4 Bd7 21. Qf3 c5 22. Nc6 Bxc6 23. Bxc6 Qc7 24. b5 Rbd8 25. Rad1 Rxd1 26. Rxd1 Rd8 27. Bd5 h5 28. c4 Qe5 29. h4 Kh6 30. g3 fxg3 31. Qxg3 Qxg3+ 32. fxg3 g5 33. Kg2 Rd7 34. a4 Re7 35. Bc6 gxh4 36. gxh4 Kg6 37. Rd6 Bh6 38. Kf3 Bc1 39. Rd8 Bb2 40. Rg8+ Kh7 41. Bd5 1/2-1/2

[Event "Berlin Lichtenberger op 13th"]
[Site "Berlin"]
[Date "2014.08.23"]
[Round "8"]
[White "Bonke, Hans Juergen"]
[Black "Plump, Detlef"]
[Result "0-1"]
[WhiteElo "1951"]
[BlackElo "2228"]
[PlyCount "110"]
[EventDate "2014.08.16"]
[EventType "swiss"]
[EventRounds "9"]
[EventCountry "GER"]
[SourceTitle "CBM 161 Extra"]
[Source "ChessBase"]
[SourceDate "2014.08.29"]
[SourceVersion "1"]
[SourceVersionDate "2014.08.29"]
[SourceQuality "1"]

1. d4 Nf6 2. Nf3 e6 3. Bf4 d5 4. e3 Bd6 5. Bd3 b6 6. Nbd2 Bb7 7. 0-0 c5 8. Ne5 0-0 9. c3 Qc7 10. Bg3 Nc6 11. f4 g6 12. Bh4 Ne8 13. Rf3 f6 14. Nxg6 hxg6 15. Bxg6 Ng7 16. Qb1 f5 17. Bg5 Ne7 18. Bxe7 Bxe7 19. Rg3 Bh4 20. Rh3 Rf6 21. Bh7+ Kxh7 22. Rxh4+ Rh6 23. Qe1 Nh5 24. Nf3 Qe7 25. Ng5+ Kg7 26. g3 Rah8 27. Nf3 Nf6 28. Rxh6 Rxh6 29. Rd1 Bc6 30. h4 Be8 31. Rd2 Ne4 32. Rg2 Bh5 33. Ne5 Rh8 34. Qf1 Rg8 35. Nf3 Bxf3 36. Qxf3 Kh6 37. Kh1 Qg7 38. Kh2 Qg4 39. Qxg4 fxg4 40. Rc2 Rc8 41. a3 Kg6 42. Kg2 Kf5 43. Rc1 Nf6 44. Rg1 Ke4 45. Rf1 Nh5 46. Kf2 Ng7 47. Re1 Nf5 48. Re2 c4 49. Re1 b5 50. Re2 a5 51. Re1 Rb8 52. Rb1 b4 53. cxb4 axb4 54. a4 Ra8 55. b3 cxb3 0-1

[Event "Berlin Werner Ott op"]
[Site "Berlin"]
[Date "2014.07.06"]
[Round "2"]
[White "Bonke, Hans Juergen"]
[Black "Schmidbauer, Martin Daniel"]
[Result "0-1"]
[WhiteElo "2011"]
[BlackElo "2242"]
[PlyCount "134"]
[EventDate "2014.07.05"]
[EventType "swiss"]
[EventRounds "9"]
[EventCountry "GER"]
[SourceTitle "CBM 161 Extra"]
[Source "ChessBase"]
[SourceDate "2014.08.29"]
[SourceVersion "1"]
[SourceVersionDate "2014.08.29"]
[SourceQuality "1"]

1. g3 Nf6 2. Bg2 d5 3. Nf3 c5 4. 0-0 Nc6 5. d3 e6 6. b3 Be7 7. Bb2 Qc7 8. Nc3 b6 9. e3 Bb7 10. h3 0-0 11. a3 Rad8 12. Ne2 e5 13. Nd2 Rfe8 14. Kh2 Bd6 15. Nc3 Bf8 16. e4 dxe4 17. Ncxe4 Nxe4 18. Nxe4 Nd4 19. c3 Ne6 20. Qg4 Be7 21. Rad1 g6 22. Qf3 Kg7 23. Qe3 f5 24. Nd2 Bf6 25. Bxb7 Qxb7 26. Qf3 Qd7 27. Nc4 Re7 28. Rfe1 Qc7 29. Ne3 Red7 30. c4 Ng5 31. Qe2 Qc6 32. Nd5 Rxd5 33. f4 R5d7 34. fxg5 Bxg5 35. Bxe5+ Bf6 36. Qe3 Bxe5 37. Qxe5+ Qf6 38. Qxf6+ Kxf6 39. Re3 Rd4 40. Kg2 a6 41. Kf3 R8d6 42. Ke2 g5 43. Rf1 Kg6 44. Ref3 Re6+ 45. Kd2 Re5 46. Re3 Rxe3 47. Kxe3 Kf6 48. b4 Ke5 49. bxc5 bxc5 50. Kd2 f4 51. Re1+ Kf6 52. g4 Rd6 53. Rf1 Re6 54. h4 h6 55. d4 cxd4 56. Kd3 Ke5 57. hxg5 hxg5 58. Rh1 f3 59. Re1+ Kd6 60. Rf1 Rf6 61. Kxd4 Rf4+ 62. Ke3 Rxc4 63. Rxf3 Rc3+ 64. Ke4 Rxf3 65. Kxf3 Kd5 66. a4 Kd4 67. a5 Kd3 0-1

[Event "Berlin Lichtenrade op 06th"]
[Site "Berlin"]
[Date "2010.10.22"]
[Round "7"]
[White "Boettcher, Patrick"]
[Black "Bonke, Hans Juergen"]
[Result "1/2-1/2"]
[WhiteElo "2177"]
[BlackElo "1968"]
[PlyCount "125"]
[EventDate "2010.10.16"]
[EventType "swiss"]
[EventRounds "9"]
[EventCountry "GER"]
[SourceTitle "CBM 138 Extra"]
[Source "ChessBase"]
[SourceDate "2010.10.29"]
[SourceVersion "1"]
[SourceVersionDate "2010.10.29"]
[SourceQuality "1"]

1. d4 g6 2. c4 Bg7 3. Nc3 d6 4. e4 e6 5. Be3 Ne7 6. Qd2 h6 7. Nf3 Nd7 8. Bd3 b6 9. h4 Nf6 10. Nh2 a6 11. 0-0-0 Bd7 12. g4 b5 13. g5 hxg5 14. hxg5 Nh5 15. c5 b4 16. Ne2 Qb8 17. cxd6 cxd6 18. Kb1 Bb5 19. Nf1 Bxd3+ 20. Qxd3 d5 21. Nfg3 Qb5 22. Qxb5+ axb5 23. Nxh5 gxh5 24. f3 Kd7 25. Nf4 h4 26. Bf2 f6 27. Bxh4 fxg5 28. Bxg5 Nc6 29. Rxh8 Bxh8 30. exd5 exd5 31. Nxd5 Kd6 32. Nf6 Rf8 33. d5 Bxf6 34. dxc6+ Kxc6 35. Bxf6 Rxf6 36. Rd3 Rh6 37. Kc2 Rh2+ 38. Rd2 b3+ 39. axb3 Rh4 40. Kc3 Kc5 41. b4+ Kc6 42. Rf2 Rf4 43. Kd3 Kd5 44. Ke3 Rxb4 45. Rc2 Rh4 46. b3 Rb4 47. Rc3 Ke5 48. Rd3 Rh4 49. Kf2 Rf4 50. Kg2 Rb4 51. Kg3 Kf5 52. Rc3 Ke5 53. Re3+ Kf5 54. Kf2 Kf4 55. Ke2 Rd4 56. Rd3 Rb4 57. Kd2 Ke5 58. Kc3 Rf4 59. Rd8 b4+ 60. Kc2 Rxf3 61. Rb8 Rf4 62. Rd8 Rd4 63. Re8+ 1/2-1/2

[Event "GER-ch Seniors 22nd"]
[Site "Berlin"]
[Date "2010.08.23"]
[Round "8"]
[White "Weller, Friedhelm"]
[Black "Bonke, Hans Juergen"]
[Result "1-0"]
[WhiteElo "1685"]
[BlackElo "1858"]
[PlyCount "95"]
[EventDate "2010.08.16"]
[EventType "swiss"]
[EventRounds "9"]
[EventCountry "GER"]
[SourceTitle "CBM 138 Extra"]
[Source "ChessBase"]
[SourceDate "2010.10.29"]
[SourceVersion "1"]
[SourceVersionDate "2010.10.29"]
[SourceQuality "1"]

1. e4 g6 2. d4 Bg7 3. Be3 d6 4. h3 Nd7 5. Bd3 e6 6. Ne2 Ne7 7. Qd2 h6 8. Nbc3 a6 9. a4 b6 10. Ng3 c5 11. Nce2 Bb7 12. c3 Qc7 13. Bc2 h5 14. h4 Nf6 15. f3 Nd7 16. Ng1 d5 17. e5 cxd4 18. cxd4 Rc8 19. Rc1 Nf5 20. Bxf5 Qxc1+ 21. Qxc1 Rxc1+ 22. Bxc1 gxf5 23. Nh3 f6 24. exf6 Bxf6 25. Ng5 Ke7 26. 0-0 Bxd4+ 27. Kh1 Be5 28. f4 Bf6 29. Re1 Bxg5 30. fxg5 Rf8 31. b3 Nc5 32. Ba3 a5 33. Kg1 Kd7 34. Nxh5 Rh8 35. Nf6+ Kd6 36. g3 e5 37. g6 Ke6 38. g7 Rc8 39. g8Q+ Rxg8 40. Nxg8 e4 41. Rc1 Nd3 42. Rc7 d4 43. Rxb7 e3 44. Re7+ Kd5 45. Nf6+ Kc6 46. Kf1 f4 47. gxf4 Nxf4 48. Re4 1-0

[Event "GER-ch Seniors 22nd"]
[Site "Berlin"]
[Date "2010.08.20"]
[Round "5"]
[White "Bonke, Hans Juergen"]
[Black "Meinhardt, Guenther"]
[Result "1-0"]
[WhiteElo "1858"]
[BlackElo "1707"]
[PlyCount "85"]
[EventDate "2010.08.16"]
[EventType "swiss"]
[EventRounds "9"]
[EventCountry "GER"]
[SourceTitle "CBM 138 Extra"]
[Source "ChessBase"]
[SourceDate "2010.10.29"]
[SourceVersion "1"]
[SourceVersionDate "2010.10.29"]
[SourceQuality "1"]

1. g3 c5 2. Bg2 d5 3. d3 e5 4. e3 Nf6 5. h3 Nc6 6. Nd2 Be7 7. b3 Be6 8. Bb2 0-0 9. Ne2 Rc8 10. 0-0 Qd7 11. Kh2 Ne8 12. f4 d4 13. e4 f5 14. fxe5 fxe4 15. Rxf8+ Bxf8 16. Nxe4 Nxe5 17. Bc1 Ng6 18. Qf1 Be7 19. Nf4 Nxf4 20. Bxf4 b5 21. Re1 Nf6 22. Qe2 Re8 23. Nf2 Bf7 24. Ne4 Nd5 25. Bd2 h6 26. Rf1 c4 27. bxc4 bxc4 28. dxc4 Nb6 29. Re1 Bxc4 30. Qh5 Bf7 31. Qe2 Nc4 32. Bc1 Bc5 33. Rd1 Bf8 34. Qd3 Rd8 35. Bxh6 Ne5 36. Qd2 Bg6 37. Bg5 Be7 38. Bxe7 Qxe7 39. Re1 Nc4 40. Qg5 Qxg5 41. Nxg5 Bxc2 42. Bd5+ Kf8 43. Ne6+ 1-0

[Event "Berlin qualification op"]
[Site "Berlin"]
[Date "2010.04.06"]
[Round "4"]
[White "Bonke, Hans Juergen"]
[Black "Von Loehneysen, Leonard"]
[Result "1/2-1/2"]
[WhiteElo "1850"]
[BlackElo "2044"]
[PlyCount "28"]
[EventDate "2010.04.03"]
[EventType "swiss"]
[EventRounds "9"]
[EventCountry "GER"]
[SourceTitle "EXT 2012"]
[Source "ChessBase"]
[SourceDate "2011.11.24"]
[SourceVersion "1"]
[SourceVersionDate "2011.11.24"]
[SourceQuality "1"]

1. d4 Nf6 2. Nf3 c5 3. c3 Qc7 4. g3 g6 5. Bg2 Bg7 6. Bf4 d6 7. 0-0 Nbd7 8. Re1 e5 9. dxe5 dxe5 10. Bc1 0-0 11. Na3 a6 12. Nc4 Rb8 13. Qd6 Qxd6 14. Nxd6 b5 1/2-1/2

[Event "Kreuzberg 2000"]
[Site "Berlin"]
[Date "2000.07.27"]
[Round "6"]
[White "Bonke, Hans Juergen"]
[Black "Suchin, Dimitry"]
[Result "1/2-1/2"]
[WhiteElo "1831"]
[BlackElo "1988"]
[PlyCount "89"]
[EventDate "2000.07.??"]
[EventType "swiss"]
[EventRounds "9"]
[EventCountry "GER"]
[SourceTitle "EXT 2001"]
[Source "ChessBase"]
[SourceDate "2000.11.22"]
[SourceVersion "1"]
[SourceVersionDate "2000.11.22"]
[SourceQuality "1"]

1. d4 Nf6 2. Nf3 g6 3. Bf4 Bg7 4. e3 0-0 5. h3 d6 6. Be2 Nbd7 7. 0-0 Re8 8. c3 c5 9. Nbd2 b6 10. Bh2 Bb7 11. a4 Ne4 12. Nc4 a6 13. Nfd2 Nxd2 14. Qxd2 Bc6 15. Qd1 b5 16. axb5 axb5 17. Na3 b4 18. Nc4 Rxa1 19. Qxa1 Qc7 20. Nd2 Ra8 21. Qb1 Qb7 22. Bf3 Nb6 23. Qd3 Na4 24. Bxc6 Qxc6 25. cxb4 cxd4 26. b5 Qb6 27. Qe4 Rb8 28. Qxe7 dxe3 29. Qxe3 Qxb5 30. Bxd6 Re8 31. Qb3 Qc6 32. Ba3 Qa8 33. Nf3 Rb8 34. Qc2 Nxb2 35. Bd6 Rc8 36. Qb3 Nc4 37. Bf4 Qe4 38. Be3 h5 39. Ng5 Qf5 40. Nf3 Qe4 41. Re1 Ne5 42. Nxe5 Qxe5 43. Qb7 Rb8 44. Qa7 Rd8 45. Qa6 1/2-1/2